Normal view
MARC view
- الجندي، رندا عوني عبد القادر ، تقديم أحمد نوفل
Entry Personal Name
001 - CONTROL NUMBER
- control field: 40539
003 - CONTROL NUMBER IDENTIFIER
- control field: JO-AjAnu
005 - DATE AND TIME OF LATEST TRANSACTION
- control field: 20230606080731.0
008 - FIXED-LENGTH DATA ELEMENTS
- fixed length control field: 230606|| aca||aabn | a|a d
040 ## - CATALOGING SOURCE
- Original cataloging agency: JO-AjAnu
- Transcribing agency: JO-AjAnu
100 ## - HEADING--PERSONAL NAME
- Personal name: الجندي، رندا عوني عبد القادر ، تقديم أحمد نوفل
670 ## - SOURCE DATA FOUND
- Source citation: Work cat.: (JO-AjAnu)20780: الجندي، رندا عوني عبد القادر ، تقديم أحمد نوفل, author, قصة الإختلاف دراسة سننية